Quizzes
Events
Quiz Creation
Community
Videos
Private Events
Remove Ads
Sign In
Join for FREE
Feedback
Dark Mode
Quiz Categories
Sports
Geography
Music
Movies
Television
Just For Fun
Miscellaneous
History
Literature
Language
Science
Gaming
Entertainment
Religion
Holiday
For Kids
Quiz Lab
Recent
Popular Today
Quiz Kudos Today
Editor Picks
Curator Picks
Quizzes by...
Day
Popularity
Type
Ratings
Length
Year
Community
Subscriptions
Recent Discussions
Orange Saloon
Badges
Playlists
Quests
Create
Leaderboards
Showdown
Live 5
Trivia Bingo
Activity
Puzzle Library
Sporcle Events
Private Events
Virtual Trivia
Globe League
Become a Host
Pub Owners
SporcleCon
Opinionation
Our Games
Videos
Blog
Mobile Apps
Partnerships
Remove Ads and Go Orange
Feedback
Music
Pop Music
The Beatles
Song
Album
Lyrics
Bands
Singers
Artist
Clip
Rock
Rap
Classical
Billboard
Country Music
Kpop
Taylor Swift
Music
Pop Music
The Beatles
Song
Album
Lyrics
Bands
Singers
Artist
Clip
Rock
Rap
Classical
Billboard
Country Music
Kpop
Taylor Swift
Random Quiz
Search Sporcle
×
Quiz Lab
Quiz Lab
Music
Song
Type in answers that appear in a list
Type in answers that appear in a list
Classic
Best Score? Go Orange.
Chicago Top 40 Hits Stats
Can you name the Chicago songs that have made the Top 40 in the US?
By
dudemanbearpig
8m
35 Questions
330 Plays
330 Plays
330 Plays
Comments
Comments
Give Quiz Kudos
Give Quiz Kudos
-
- Ratings
hide this ad
Replay
Link that replays current quiz
Next Quiz
Link to next quiz in quiz playlist
You Got
0%
They Got
Avg Score
54%
Avg Friend Score
Upgrade to see
Score Distribution
Jump to the score distribution portion of the page
Score
0/35
Timer
08:00
0
Plays Today
Year Released
Song
% Correct
1970
25 or 6 to 4
92.1%
1972
Saturday in the Park
91.2%
1976
If You Leave Me Now
80.5%
1971
Colour My World
79.6%
1982
Hard to Say I'm Sorry
76.9%
1984
You're the Inspiration
73.6%
1970
Does Anybody Really Know What Time It Is?
71.1%
1984
Hard Habit to Break
70.8%
1971
Beginnings
69.9%
1988
Look Away
69%
1975
Old Days
65.7%
1970
Make Me Smile
64.7%
1973
Just You 'n' Me
61.4%
1973
Feelin' Stronger Every Day
58.7%
1974
Wishing You Were Here
54.7%
1977
Baby, What a Big Surprise
53.5%
1984
Stay the Night
52.9%
1971
Questions 67 and 68
51.7%
Year Released
Song
% Correct
1975
Harry Truman
48.6%
1974
Call on Me
48%
1978
No Tell Lover
48%
1976
Another Rainy Day in New York City
47.4%
1978
Alive Again
46.8%
1985
Along Comes a Woman
45.6%
1986
Will You Still Love Me?
43.8%
1982
Love Me Tomorrow
43.2%
1971
Free
40.7%
1972
Dialogue
40.7%
1987
If She Would Have Been Faithful...
39.5%
1974
(I've Been) Searchin' So Long
36.5%
1989
What Kind of Man Would I Be?
35.9%
1971
Lowdown
33.1%
1991
Chasin' the Wind
31.3%
1988
I Don't Wanna Live Without Your Love
31%
1989
You're Not Alone
24.9%
Quiz Playlist
Details
Report
Send in Message
Add To Playlist
Classic:
Type in answers that appear in a list
Quiz Source
Last Updated: May 14, 2020
Quiz Scoreboard
CHALLENGE
Sign Up to Join the Scoreboard
Show All
Scores
Hide
Comments
May contain spoilers
Recently Published
Alphabetical 'K' Countries by Flag Minefield
by ylime102
Geography
3m
Pick 6: Fruits
by JohnFran
Miscellaneous
15s
Click the 1999 NBA Draft
by nibperrychub
Sports
2m
More to Explore
Quiz From the Vault
Featured Blog Post
15 Basketball Trivia Facts You Can Be March Mad About
hide this ad
You Might Also Like...
Tags
Football Quiz
Song Quiz
Charted
chicago
hit
Released
Top 40
Today's Top Quizzes in Music
Browse Music
hide this ad
Today's Top Quizzes in Song
Browse Song
Top Contributed Quizzes in Music
1
Taylor Swift All Songs (2024)
2
KPOP LOGIC QUIZ
3
A Taylor Swift Logic Puzzle
4
Guess the Taylor Swift song (Mystery Song)
5
K-Pop Murder Mystery Logic Quiz
6
Taylor Swift Logic Puzzle
7
Guess The Taylor Swift Lyrics Song #1
8
kpop group name match up
9
NCT 2020 Logic Puzzle
10
K-Pop : 100 Debut Songs (Part 1 of 3)
Explore More
Trending Topics
Kpop
Disney
NBA
Crossword
Harry Potter
Anime
Marvel
Soccer
Country
NFL
Pokémon
WWE
Song
Puzzle
The Office
hide this ad
More By:
dudemanbearpig
Quiz
Plays
Rating
Category
Featured
Created
WWE Royal Rumble Final Four
307,990
4.45
Sports
Dec 1, 2009
Top 50 Females in Harry Potter
137,264
4.67
Literature
May 10, 2012
Top 25 Non-Humans in Harry Potter
68,833
4.83
Literature
Apr 30, 2012
WrestleMania: 5+ in a Row
63,179
4.54
Sports
Apr 3, 2012
Black WWE PPV Competitors
14,890
4.34
Sports
Nov 6, 2011
Go to Creator's Profile
Score Distribution
Quiz Creator Spotlight
dudemanbearpig
Follow
Send a Message
Quizzes Created
-
Created Quiz Play Count
-
More By This Creator
Popular Quizzes Today
1
Countries of Asia Without Outlines Minefield
2
Find the US States - No Outlines Minefield
3
Pick 6: Fruits
4
Alphabetical 'K' Countries by Flag Minefield
5
The Countries of the World
6
Find the US States
7
US States
8
Match the Book to the Film X
More Music Quizzes
BTS Music Videos (J-Hope Version)
Quiz Lab
Trending Quizzes
Pick 6: Mountains
Pick 6: Harry Potter
Pick 6: NFL Teams
Pick 6: Movie Franchises
Pick 6: Golfers
Recently Updated
NWSL Teams
pecheneg
Women's Final Four Teams by Year
bhenderson79
Presidents Quartet II
eogle
Anything But Clue(do)
eogle
Anything But Oceanian Capitals
eogle
Anything But 7
eogle
Anything But Thing
eogle
Word Ladder: February 29
pecheneg
Song Title Questions
pecheneg
Women's NCAA Tournament #1 Seeds
pecheneg
Trending Topics
Anime
Kpop
Disney
NBA
Harry Potter
Crossword
Marvel
NFL
Puzzle
WWE
The Office
Country
Soccer
Pokémon
Song
Your Account Isn't Verified!
In order to create a playlist on Sporcle, you need to verify the email address you used during registration. Go to your
Sporcle Settings
to finish the process.
Report this User
Report this user for behavior that violates our
Community Guidelines
.
Details:
Send Report
Go to the Sporcle.com Mobile Site →
Comments